Statistics for Go2damoon Lyrics-Playboi Carti

Click here to take the quiz!

General Stats

  • This quiz has been taken 57 times
  • The average score is 161 of 258

Answer Stats

HintAnswer% Correct
Go
98%
The
98%
To
98%
Moon
93%
x7What
86%
A
84%
I
84%
Ye
80%
In
77%
Be
75%
She
75%
That
75%
Up
75%
Yo
75%
You
75%
Do
73%
Like
73%
Car
70%
Ugly
70%
Got
68%
Me
68%
Back
66%
Call
66%
Chick
66%
My
66%
So
66%
Stock
66%
Borrow
64%
By
64%
Promise
64%
Tomorrow
64%
With
64%
Been
61%
Boom
61%
For
61%
Gon
61%
Hat
61%
Im
61%
It
61%
Pay
61%
Tell
61%
We
61%
From
59%
Hot
59%
Marshalls
59%
Play
59%
Room
59%
Shawty
59%
Blunt
57%
Cup
57%
Gucci
57%
Some
57%
Whats
57%
Avoiding
55%
Freeway
55%
Jesus
55%
Son
55%
Then
55%
Weekend
55%
Budapest
52%
Down
52%
Gang
52%
Get
52%
Lot
52%
Make
52%
Over
52%
Scammer
52%
Shut
52%
This
52%
Yeezys
52%
Always
50%
Askin
50%
Dj
50%
Dont
50%
Opp
50%
Slept
50%
Tape
50%
Through
50%
Was
50%
Boy
48%
Buddha
48%
Correct
48%
Is
48%
Out
48%
Perfume
48%
Playboi
48%
Reason
48%
Shoutout
48%
Stuff
48%
Your
48%
Bring
45%
Done
45%
Everybody
45%
Everything
45%
Extra
45%
Five
45%
Him
45%
Keep
45%
Left
45%
More
45%
Name
45%
Redhead
45%
Seen
45%
Thats
45%
They
45%
Woke
45%
Bluff
43%
Brief
43%
Briefcase
43%
Drink
43%
Famous
43%
Fossil
43%
Here
43%
Impeach
43%
Its
43%
Sneak
43%
Spray
43%
Too
43%
Try
43%
Verse
43%
Born
41%
Case
41%
If
41%
Killed
41%
Little
41%
Tough
41%
Vibe
41%
Watch
41%
Wolverine
41%
500
39%
Costume
39%
Deep
39%
End
39%
Goin
39%
Saw
39%
Skin
39%
Text
39%
Wear
39%
Cant
36%
Dope
36%
His
36%
Off
36%
Sheep
36%
Cheap
34%
Benz
32%
How
32%
Punk
32%
Hunnid
30%
Just
30%
At
27%
Hit
27%
Fore
25%
Least
25%
Ten
25%
Club
23%

Score Distribution

Percentile by Number Answered

Percent of People with Each Score

Your Score History

You have not taken this quiz